000 01030naa a22003017a 4500
001 BR9501704
003 BR-BrBNA
005 20250721155532.0
007 ta
008 250630b bl.|||m| |||| 00| 0 por d
040 _aBR-BrBNA
_bpor
_cBiblioteca Nacional de Agricultura
041 _a(Pt)
072 _aF04
_b3240
_b3830
090 _aF04 BR9501704
100 1 _aBraga, J.M.
100 1 _aRocha, D.
111 1 _a1. Seminario SIF Fertilizacao e Melhoramento Florestal
_cBelo Horizonte, MG (Brazil)
_d19-20 Apr 1979
245 1 _aEstudos de adubos fosfatados na cultura de eucalipto em solos de cerrado em Minas Gerais
500 _aBoletim tecnico Belo Horizonte, MG (Brasil): 1979. p. 1-14 [8 tables; 9 ref.] (BR9501704-AMS)
650 _aEucalipto
650 _aMuda
650 _aFertilizante Fosfatado
650 _aAdubacao
650 _aMinas Gerais
490 _aBoletim Tecnico - Sociedade de Investigacoes Florestais (Brazil)
_vno. 2
942 _cAMS
_2AGRIS
909 _a202506
_bLúcia
_c55
_dLúcia Elande
999 _c337074
_d337074